She Goes To War (Record no. 348533)

MARC details
000 -LEADER
fixed length control field 00470nam a2200169Ia 4500
008 - FIXED-LENGTH DATA ELEMENTS--GENERAL INFORMATION
fixed length control field 230718s9999 xx 000 0 und d
020 ## - INTERNATIONAL STANDARD BOOK NUMBER
International Standard Book Number 9789387693449
041 ## - LANGUAGE CODE
Language code of text/sound track or separate title eng
082 ## - DEWEY DECIMAL CLASSIFICATION NUMBER
Classification number 355.0954
Item number SAK
100 ## - MAIN ENTRY--PERSONAL NAME
Personal name Saksena R.
9 (RLIN) 201131
245 ## - TITLE STATEMENT
Title She Goes To War
Remainder of title Women Militants Of India
260 ## - PUBLICATION, DISTRIBUTION, ETC. (IMPRINT)
Date of publication, distribution, etc. 2018
Name of publisher, distributor, etc. Speaking Tiger
300 ## - PHYSICAL DESCRIPTION
Extent 205
365 ## - TRADE PRICE
Currency code Rs.
Price amount 499.00
700 ## - ADDED ENTRY--PERSONAL NAME
Personal name Saksena R.
9 (RLIN) 201131
906 ## - LOCAL DATA ELEMENT F, LDF (RLIN)
d O:0612919-Sep-2018B:461614-Aug-2018
c GENRL
b 109.78
Holdings
Withdrawn status Lost status Source of classification or shelving scheme Damaged status Not for loan Home library Current library Date acquired Vendor Budget Code Cost, normal purchase price Bill number Total Checkouts Full call number Barcode Date last seen Date last checked out Discount Cost, replacement price Bill Date Koha item type Original Barcode
    Dewey Decimal Classification     Cummins College of Engineering for Women Pune Cummins College of Engineering for Women Pune 19/09/2018 Technical Book Services GENRL 389.22 4616 6 355.0954 CCEP-BK-59740 17/03/2026 06/03/2026 109.78 499.00 14/08/2018 Books 059740